000 00481nam a2200181Ia 4500
008 240925s9999 xx 000 0 und d
020 _aNA
082 _a004 WES
100 _aNot - Available
245 0 _aBasic Computing Principles
250 _a2nd
260 _aNew Delhi:
_bBPB Publication
_c,1992.
300 _axx,1237p.
_bNA
_fOriginal
500 _aIncludes Index
600 _aComputer Science
650 _aComputer science, information & general works
942 _cBK
999 _c6754
_d6754